000 00313nam a2200145Ia 4500
003 OSt
005 20240322151719.0
008 170523s9999 xx 000 0 und d
020 _a978-0230520936
040 _ciimtu meerut
100 _aHARRIS
245 0 _aSERVICES MARKETING
260 _bPHI
942 _2ddc
_c02
999 _c1872
_d1872